Loading...

Protocols and architectures for wireless sensor networks

Bibliographic Details
Main Author: holger karl,Andreas willig
Format: Printed Book
Language:English
Published: John Wiley and Sons 2005
LEADER 00618nam a2200217 a 4500
001 CS96000001
003 imported from koha2.9 by LV-756
005 20160322165051.0
008 960221s1955 dcuabcdjdbkoqu001 0deng d
040 |c S 
245 |a Protocols and architectures for wireless sensor networks 
100 |a holger karl,Andreas willig 
500
942 |c BK  |6 _ 
020 |a 04700951005 
260 |b John Wiley and Sons  |c 2005 
300 |a 497 
082 |a 621.39 
250
999 |c 153269  |d 153269 
952 |0 0  |1 0  |4 0  |6 62139_  |7 0  |9 200926  |a DCS  |b DCS  |d 2013-09-07  |o 621.39  |p MCS04229  |r 2013-09-07  |w 0000-00-00  |y BK